[Event "FRA-ch U20"]
[Site "Europe Echecs INT"]
[Date "2020.07.12"]
[Round "4"]
[White "Decurninge, Brice"]
[Black "Raclot, Leo"]
[Result "0-1"]
[WhiteElo "1582"]
[BlackElo "2124"]
[PlyCount "82"]
[EventDate "2020.07.12"]
[EventType "swiss (rapid)"]
[EventRounds "9"]
[EventCountry "FRA"]
[SourceTitle "EXT 2021"]
[Source "ChessBase"]
[SourceDate "2020.10.23"]
[SourceVersion "1"]
[SourceVersionDate "2020.10.23"]
[SourceQuality "1"]

1. e4 e6 2. c4 d5 3. cxd5 exd5 4. exd5 Nf6 5. Nf3 Nxd5 6. Nc3 Nc6 7. Bc4 Nb6 8. Bb3 Be7 9. 0-0 0-0 10. d4 Bg4 11. Be3 Bf6 12. h3 Bh5 13. Bc2 Nc4 14. Bxh7+ Kxh7 15. Ng5+ Bxg5 16. Qxh5+ Bh6 17. Bxh6 gxh6 18. Ne4 f5 19. Nc5 Qg5 20. Qe2 Rg8 21. g3 Nd6 22. Ne6 Qe7 23. d5 Nd8 24. Rfe1 Nxe6 25. dxe6 Rae8 26. Qc2 Rg6 27. Rac1 Rxe6 28. Rxe6 Qxe6 29. Qxc7+ Qe7 30. Qc2 Rc8 31. Qd2 Ne4 32. Qe1 Rxc1 33. Qxc1 Qc5 34. Qf4 Nd6 35. Qh4 Qc1+ 36. Kg2 Qg5 37. Qb4 Qf6 38. Qc5 Qe7 39. a3 f4 40. Qxa7 f3+ 41. Kxf3 Qe4# 0-1

[Event "FRA-ch U20"]
[Site "Europe Echecs INT"]
[Date "2020.07.12"]
[Round "3"]
[White "Delin, Valere"]
[Black "Decurninge, Brice"]
[Result "1-0"]
[WhiteElo "2043"]
[BlackElo "1582"]
[PlyCount "73"]
[EventDate "2020.07.12"]
[EventType "swiss (rapid)"]
[EventRounds "9"]
[EventCountry "FRA"]
[SourceTitle "EXT 2021"]
[Source "ChessBase"]
[SourceDate "2020.10.23"]
[SourceVersion "1"]
[SourceVersionDate "2020.10.23"]
[SourceQuality "1"]

1. e4 e6 2. d4 d5 3. exd5 exd5 4. Bd3 c6 5. Nf3 Bd6 6. h3 Ne7 7. 0-0 h6 8. c4 dxc4 9. Bxc4 0-0 10. Nc3 Bf5 11. b3 Nd7 12. Bb2 Nb6 13. Be2 Ned5 14. Ne5 Nf4 15. Bf3 Qg5 16. Kh1 Qh4 17. Bg4 Bxe5 18. dxe5 Nd3 19. Bxf5 Nxf2+ 20. Rxf2 Qxf2 21. Qc2 Qh4 22. a4 Rfe8 23. a5 Nc8 24. Ne4 Ne7 25. Nd6 Nxf5 26. Qxf5 Re7 27. Rf1 Rf8 28. Ba3 g6 29. Qf3 Rxe5 30. Bb2 Re1 31. Rxe1 Qxe1+ 32. Kh2 f5 33. Nxb7 Qe4 34. Qc3 Qf4+ 35. Kg1 Kf7 36. Qf6+ Ke8 37. Qe6# 1-0

[Event "FRA-ch U20"]
[Site "Europe Echecs INT"]
[Date "2020.07.12"]
[Round "1"]
[White "Joly, Julien"]
[Black "Decurninge, Brice"]
[Result "1-0"]
[WhiteElo "2188"]
[BlackElo "1582"]
[PlyCount "27"]
[EventDate "2020.07.12"]
[EventType "swiss (rapid)"]
[EventRounds "9"]
[EventCountry "FRA"]
[SourceTitle "EXT 2021"]
[Source "ChessBase"]
[SourceDate "2020.10.23"]
[SourceVersion "1"]
[SourceVersionDate "2020.10.23"]
[SourceQuality "1"]

1. e4 e6 2. Nf3 d5 3. Nc3 Nf6 4. e5 Nfd7 5. d4 c5 6. dxc5 Bxc5 7. Bd3 Nc6 8. Bf4 Qb6 9. 0-0 Qxb2 10. Nb5 Ke7 11. Qe2 h6 12. Rfb1 Nd4 13. Nfxd4 Bxd4 14. Rxb2 1-0

[Event "FRA-ch U20"]
[Site "Europe Echecs INT"]
[Date "2020.07.12"]
[Round "5"]
[White "Sepahpour, Shervine"]
[Black "Decurninge, Brice"]
[Result "0-1"]
[WhiteElo "1398"]
[BlackElo "1582"]
[PlyCount "120"]
[EventDate "2020.07.12"]
[EventType "swiss (rapid)"]
[EventRounds "9"]
[EventCountry "FRA"]
[SourceTitle "EXT 2021"]
[Source "ChessBase"]
[SourceDate "2020.10.23"]
[SourceVersion "1"]
[SourceVersionDate "2020.10.23"]
[SourceQuality "1"]

1. d4 Nf6 2. c4 g6 3. Nc3 d5 4. cxd5 Nxd5 5. e4 Nxc3 6. bxc3 Bg7 7. Nf3 c5 8. Be3 Nc6 9. Bb5 0-0 10. Bxc6 bxc6 11. 0-0 Ba6 12. Re1 cxd4 13. cxd4 c5 14. Rc1 cxd4 15. Bxd4 Qa5 16. Bxg7 Kxg7 17. Qd5 Qa3 18. Rc7 Qd6 19. Qxd6 exd6 20. Rc6 Bb5 21. Rxd6 Rac8 22. Nd4 Bd3 23. Ne6+ fxe6 24. Rxd3 Rc2 25. Rd7+ Kh6 26. Rxa7 Rfxf2 27. Re3 Rxg2+ 28. Kf1 Rxh2 29. Kg1 Rxa2 30. Rh3+ Rxh3 31. Rxa2 Re3 32. Ra4 Kg5 33. Kf2 Rb3 34. Ra6 e5 35. Ra7 h6 36. Re7 Kf4 37. Rf7+ Kxe4 38. Rf6 Rb2+ 39. Kg3 Rb1 40. Kf2 Rb2+ 41. Kg3 Rb3+ 42. Kf2 g5 43. Rxh6 Kf4 44. Ra6 Rb2+ 45. Kf1 e4 46. Rf6+ Kg4 47. Ra6 e3 48. Ra8 Kg3 49. Rg8 g4 50. Rf8 Rf2+ 51. Rxf2 exf2 52. Ke2 Kg2 53. Ke3 f1Q 54. Ke4 Kh3 55. Ke5 g3 56. Ke4 g2 57. Ke5 g1Q 58. Ke6 Qg6+ 59. Ke5 Qb5+ 60. Kd4 Qgd3# 0-1

[Event "FRA-ch U18/14 Online"]
[Site "Europe Echecs INT"]
[Date "2020.07.11"]
[Round "3"]
[White "Delin, Valere"]
[Black "Decurninge, Brice"]
[Result "1-0"]
[WhiteElo "2043"]
[BlackElo "1582"]
[PlyCount "87"]
[EventDate "2020.07.11"]
[EventType "swiss (blitz)"]
[EventRounds "9"]
[EventCountry "FRA"]
[SourceTitle "EXT 2021"]
[Source "ChessBase"]
[SourceDate "2020.10.23"]
[SourceVersion "1"]
[SourceVersionDate "2020.10.23"]
[SourceQuality "1"]

1. e4 e6 2. d4 d5 3. Nd2 Nf6 4. e5 Nfd7 5. Bd3 c5 6. c3 Nc6 7. Ne2 cxd4 8. cxd4 f6 9. Nf4 Nxd4 10. Qh5+ Ke7 11. Ng6+ hxg6 12. exf6+ Nxf6 13. Qxh8 Kf7 14. Qh4 e5 15. 0-0 e4 16. Bb1 Bd6 17. Re1 Qc7 18. Nf1 Bd7 19. a3 Nf5 20. Qg5 Rh8 21. g3 Nd4 22. Nd2 Rh5 23. Qe3 Bc5 24. Qc3 Nb5 25. Qc2 Bxf2+ 26. Kf1 Qxc2 27. Bxc2 Bxe1 28. Kxe1 Rxh2 29. Ba4 Nd4 30. Bd1 Bg4 31. Nf1 Rh1 32. Be3 Nf3+ 33. Kf2 Nh5 34. Kg2 Rh3 35. Rc1 d4 36. Bxd4 Ne1+ 37. Kg1 Bxd1 38. Rxd1 Nd3 39. Kg2 Ke6 40. Kxh3 Kd5 41. Bg1 Kc4 42. Nd2+ Kb5 43. Nxe4 Nxb2 44. Rb1 1-0